World Series Titles - Statistics

General Stats
  • This quiz has been taken 36 times
  • The average score is 27 of 30
Answer Stats
Number of Titles/Appearances Team % Correct
4 Wins Atlanta Braves
100%
9 Wins Boston Red Sox
100%
3 Wins Chicago Whitesox
100%
9 Wins Oakland Athletics
100%
3 Wins Chicago Cubs
96%
5 Wins Cincinnati Reds
96%
9 Wins Los Angeles Dodgers
96%
2 Wins Miami Marlins
96%
27 Wins New York Yankees
96%
No wins but have an appearance Tampa Bay Rays
96%
1 Win Arizona Diamondbacks
92%
2 Wins Cleveland Guardians
92%
Colorado Rockies
92%
San Diego Padres
92%
No Appearances Seattle Mariners
92%
1 Win Texas Rangers
92%
1 Win Washington Nationals
92%
4 Wins Detroit Tigers
88%
2 Wins Houston Astros
88%
1 Win Los Angeles Angels
88%
3 Wins Minnesota Twins
88%
5 Wins Pittsburgh Pirates
88%
8 Wins San Francisco Giants
88%
3 Wins Baltimore Orioles
83%
2 Wins New York Mets
83%
2 Wins Philadelphia Phillies
83%
11 Wins St. Louis Cardinals
83%
2 Wins Kansas City Royals
79%
2 Wins Toronto Blue Jays
79%
Milwaukee Brewers
71%
No matching quizzes found
Score Distribution
Percent of People with Each Score
Percentile by Number Answered
Your Score History
You have not taken this quiz